LEADER 01299nam 2200253la 450 001 9910481502003321 005 20230503102649.0 035 $a(UK-CbPIL)2090345255 035 $a(CKB)5500000000105494 035 $a(EXLCZ)995500000000105494 100 $a20230503d1586 uy | 101 0 $alat 135 $aurcn||||a|bb| 200 00$aDeclaratio difficilium terminorum theologiae. philosophiae atq. logicae D. Armandi Bellouisii artium, & sacrae theologiae doctoris praeclarissimi. Opus scientiarum studiosis vtilissimum, & nunc demum ab innumeris erroribus expurgatum. Cum duplici indice: altero capitum, altero rerum memorabilium 210 $aVenice $cAldine Press$d1586 215 $aOnline resource ([56], 374, [2] p., 8°.) 300 $aReproduction of original in Biblioteca Nazionale Centrale di Firenze. 701 $aManuzio$b Aldo$f1547-1597.$0720947 801 0$bUk-CbPIL 801 1$bUk-CbPIL 906 $aBOOK 912 $a9910481502003321 996 $aDeclaratio difficilium terminorum theologiae. philosophiae atq. logicae D. Armandi Bellouisii artium, & sacrae theologiae doctoris praeclarissimi. Opus scientiarum studiosis vtilissimum, & nunc demum ab innumeris erroribus expurgatum. Cum duplici indice: altero capitum, altero rerum memorabilium$94537520 997 $aUNINA